Bands - Statistics

General Stats
  • This quiz has been taken 70 times
  • The average score is 8 of 16
Answer Stats
Picture Answer % Correct
ABBA
93%
Beatles
93%
Spice girls
88%
One direction
83%
Queen
80%
Destiny’s child
72%
BTS
63%
Rolling Stones
63%
Pussycat Dolls
45%
Blackpink
43%
Little mix
43%
Girls Aloud
15%
JLS
13%
The Vamps
13%
The Wanted
10%
Union J
8%
No matching quizzes found
Score Distribution
Percent of People with Each Score
Percentile by Number Answered
Your Score History
You have not taken this quiz